000 01028cam a2200277 a 4500
001 000019586
005 20200929170052.0
008 760406s1960 sp 001 d spa d
040 _aDO-SdBNP
_bspa
_cLC
_dBNPHU
082 _a862.6
_bV181v, 1960
100 1 _aValle-Inclán, Ramón del,
_d1866-1936.
_93325
245 1 0 _aVoces de gesta. Tragedia pastoril :
_bcuento de abril. Escenas rimadas en una manera extravagante /
_cRamón del Valle-Inclán.
246 3 3 _aCuento de abril :
_bescenas rimadas en una manera extravagante
250 _a3a ed.
260 _aMadrid :
_bEspasa-Calpe,
_c1960.
300 _a148, [16] p. ;
_c18 cm.
490 1 _aAustral. Violeta: teatro y poesía
_v415
500 _aIncluye índice de autores
650 4 _aTeatro español
_93071
650 4 _aLiteratura española
_9632
740 0 _aCuento de abril. Escenas rimadas en una manera extravagante
830 0 _aAustral.
_pVioleta: teatro y poesía
_v415
_939559
910 _aCatalogación derivada / LC
910 _aWM
049 _aBNGR
999 _c19102
_d19102